| 000 | 00000nam 2200000za 4500 |
| 001 | 9.834704 |
| 003 | CaOODSP |
| 005 | 20221107150508 |
| 007 | cr ||||||||||| |
| 008 | 170404s19731977onc #os f00| 0 eng d |
| 040 | |aCaOODSP|beng |
| 041 | |aeng|afre |
| 043 | |an-cn--- |
| 086 | 1 |aCS93-726/1971-PDF |
| 086 | 1 |aCS93-727/1971-PDF |
| 086 | 1 |aCS93-728/1971-PDF |
| 086 | 1 |aCS93-729/1971-PDF |
| 086 | 1 |aCS93-730/1971-PDF |
| 086 | 1 |aCS93-731/1971-PDF |
| 086 | 1 |aCS93-732/1971-PDF |
| 086 | 1 |aCS93-733/1971-PDF |
| 245 | 00|a1971 Census of Canada |h[electronic resource] : |bhousing : vol. II - part 3 = Recensement du Canada 1971 : logement : vol. II - partie 3. |
| 246 | 11|aRecensement du Canada 1971 : |blogement : vol. II - partie 3 |
| 246 | 15|aHousing characteristics |g(appears only in some volumes) |
| 260 | |aOttawa : |bStatistics Canada = Statistique Canada, |c1973-1977. |
| 300 | |a8 v. |
| 500 | |aChiefly tables. |
| 500 | |aCover title. |
| 500 | |aDigitized edition from print [produced by Statistics Canada]. |
| 500 | |aCovers Bulletin 2.3-1 to 2.3-8. |
| 505 | 0 |a93-726. Introduction to volume II (part 3) -- 93-727. Dwellings by tenure and structural type -- 93-728. Rooms per dwelling -- 93-729. Bedrooms per dwelling -- 93-730. Number of persons per room -- 93-731. Period of construction and length of occupancy -- 93-732. Values and rents -- 93-733. Principal fuels and heating equipment. |
| 546 | |aText in English and French. |
| 692 | 07|2gccst|aCensus |
| 692 | 07|2gccst|aHousing |
| 710 | 2 |aStatistics Canada. |
| 792 | |t1971 Census of Canada |efre|w(CaOODSP)9.834724 |
| 856 | 40|qPDF|s5.37 MB|uhttps://publications.gc.ca/collections/collection_2017/statcan/CS93-726-1971.pdf|zIntroduction to volume II (part 3) |
| 856 | 40|qPDF|s5.26 MB|uhttps://publications.gc.ca/collections/collection_2017/statcan/CS93-727-1971.pdf|zDwellings by tenure and structural type |
| 856 | 40|qPDF|s3.67 MB|uhttps://publications.gc.ca/collections/collection_2017/statcan/CS93-728-1971.pdf|zRooms per dwelling |
| 856 | 40|qPDF|s3.39 MB|uhttps://publications.gc.ca/collections/collection_2017/statcan/CS93-729-1971.pdf|zBedrooms per dwelling |
| 856 | 40|qPDF|s3.05 MB|uhttps://publications.gc.ca/collections/collection_2017/statcan/CS93-730-1971.pdf|zNumber of persons per room |
| 856 | 40|qPDF|s6.15 MB|uhttps://publications.gc.ca/collections/collection_2017/statcan/CS93-731-1971.pdf|zPeriod of construction and length of occupancy |
| 856 | 40|qPDF|s4.59 MB|uhttps://publications.gc.ca/collections/collection_2017/statcan/CS93-732-1971.pdf|zValues and rents |
| 856 | 40|qPDF|s6.32 MB|uhttps://publications.gc.ca/collections/collection_2017/statcan/CS93-733-1971.pdf|zPrincipal fuels and heating equipment |